00345nam a2200109Ia 4500008004000000082001500040100001900055245008500074260004800159300001200207650001600219210210b1967 xxu||||| |||| 00| 0 eng d a338.8 KOTI aKOTHARI (M L). aIndustrial combinations: a study of managerial integration in Indian Industries. aAllahabadbChaitanya Publishing Housec1967 axiv,235 aCombination